[Event "4NCL/Div2/BAR3 vs. KHE"]
[Site "West Bromwich ENG"]
[Date "2004.05.23"]
[Round "11.1"]
[White "Berry, Neil"]
[Black "McMichael, Richard"]
[Result "1/2-1/2"]
[WhiteElo "2268"]
[BlackElo "2298"]
[PlyCount "96"]
[EventDate "2004.05.23"]

1. Nf3 e6 2. c4 d5 3. d4 c6 4. Nc3 f5 5. Bf4 Nf6 6. e3 Be7 7. Bd3 O-O 8. Qc2 a5
9. h3 Na6 10. a3 Nc7 11. g4 dxc4 12. Bxc4 Ncd5 13. Be5 b5 14. Nxd5 Nxd5 15. Bd3
Bd7 16. gxf5 exf5 17. Rg1 Rf7 18. e4 Nb6 19. exf5 Bf6 20. O-O-O Nd5 21. Bxf6
Rxf6 22. Ne5 Kh8 23. Rg4 Ra7 24. Rdg1 Be8 25. Qc5 Qe7 26. Re1 Qxc5+ 27. dxc5
Re7 28. Kd2 Kg8 29. Nf3 Bh5 30. Rxe7 Bxg4 31. Rxg7+ Kxg7 32. hxg4 Rf7 33. Nd4
Rd7 34. Kc2 Nf4 35. Ne6+ Nxe6 36. fxe6 Rd5 37. b4 axb4 38. axb4 Re5 39. Bf5
Re2+ 40. Kd3 Rxf2 41. Bxh7 Kf6 42. Be4 Kxe6 43. Bxc6 Rf4 44. Bxb5 Kd5 45. Bd7
Rxb4 46. c6 Kd6 47. Ke3 Rxg4 48. Bxg4 Kxc6 1/2-1/2

[Event "4NCL/Div2/BAR3 vs. KHE"]
[Site "West Bromwich ENG"]
[Date "2004.05.23"]
[Round "11.2"]
[White "Thomas, Richard H"]
[Black "Coleman, David"]
[Result "1/2-1/2"]
[WhiteElo "2235"]
[BlackElo "2240"]
[PlyCount "96"]
[EventDate "2004.05.23"]

1. d4 Nf6 2. c4 g6 3. Nc3 Bg7 4. e4 d6 5. f3 O-O 6. Bg5 Nc6 7. Nge2 a6 8. Qd2
Re8 9. d5 Na5 10. Nd4 c5 11. dxc6 bxc6 12. Be2 Qc7 13. O-O e5 14. Nc2 Be6 15.
Ne3 Nh5 16. Rfd1 f6 17. Bh4 Bh6 18. b3 Rad8 19. Bf2 Nf4 20. Qb2 Nxe2+ 21. Qxe2
Nb7 22. h3 a5 23. Ng4 Bg7 24. Na4 Ra8 25. Ne3 Bf8 26. Rac1 f5 27. Bh4 Be7 28.
Bf2 f4 29. Nd5 Bxd5 30. exd5 c5 31. Nc3 Nd8 32. Rb1 Nf7 33. Ne4 Qd8 34. Rb2 Ra6
35. Rdb1 Bh4 36. a3 Bxf2+ 37. Kxf2 Ng5 38. Kg1 Nxe4 39. Qxe4 Ra7 40. Qe1 Qc7
41. Qe2 Rb7 42. Qc2 Reb8 43. Qc3 Kf7 44. Kf1 Qb6 45. Qe1 Qa7 46. Qh4 Kg7 47.
Qe1 Qa6 48. Qc3 Qb6 1/2-1/2

[Event "4NCL/Div2/BAR3 vs. KHE"]
[Site "West Bromwich ENG"]
[Date "2004.05.23"]
[Round "11.3"]
[White "Twyble, Michael S"]
[Black "Lewis, Alex"]
[Result "1/2-1/2"]
[WhiteElo "2245"]
[BlackElo "2159"]
[PlyCount "80"]
[EventDate "2004.05.23"]

1. d4 Nf6 2. c4 g6 3. Nc3 Bg7 4. e4 d6 5. Nf3 O-O 6. Be2 e5 7. d5 a5 8. Bg5 h6
9. Bh4 Bd7 10. Nd2 Na6 11. O-O Nc5 12. Kh1 Qe8 13. b3 Nh7 14. a3 h5 15. f3 Bh6
16. Rb1 Be3 17. Qc2 g5 18. Bf2 Bxf2 19. Rxf2 h4 20. b4 axb4 21. axb4 Na4 22. c5
Nxc3 23. Qxc3 Bb5 24. Bc4 Qd7 25. Qd3 Bxc4 26. Nxc4 Qb5 27. Nxe5 Qxd3 28. Nxd3
Ra3 29. Rd2 f5 30. Kg1 fxe4 31. fxe4 Nf6 32. Re1 Re8 33. cxd6 cxd6 34. Nf2 g4
35. Rde2 g3 36. hxg3 hxg3 37. Nh1 Rxe4 38. Nxg3 Rxe2 39. Nxe2 Nxd5 40. Rd1 Nxb4
1/2-1/2

[Event "4NCL/Div2/BAR3 vs. KHE"]
[Site "West Bromwich ENG"]
[Date "2004.05.23"]
[Round "11.4"]
[White "Guthrie, David"]
[Black "Taylor, Peter"]
[Result "1/2-1/2"]
[WhiteElo "2171"]
[BlackElo "2270"]
[PlyCount "63"]
[EventDate "2004.05.23"]

1. d4 Nf6 2. c4 e6 3. Nc3 Bb4 4. e3 O-O 5. Bd3 d5 6. Nf3 c5 7. O-O dxc4 8. Bxc4
cxd4 9. exd4 Nbd7 10. Bg5 h6 11. Bh4 Qa5 12. Rc1 Bxc3 13. Rxc3 b5 14. Bb3 b4
15. Rc1 Bb7 16. Re1 Rac8 17. Ne5 Bd5 18. Nxd7 Nxd7 19. Be7 Rfe8 20. Rxc8 Rxc8
21. Bxd5 Qxd5 22. Bxb4 Qxa2 23. d5 Qxd5 24. Qxd5 exd5 25. f3 Rc4 26. Bc3 d4 27.
Re4 f5 28. Rxd4 Rxd4 29. Bxd4 a6 30. Kf2 Kf7 31. Ke2 g6 32. Kd3 1/2-1/2

[Event "4NCL/Div2/BAR3 vs. KHE"]
[Site "West Bromwich ENG"]
[Date "2004.05.23"]
[Round "11.5"]
[White "Mack, Andrew"]
[Black "Mackenzie, Colin"]
[Result "1/2-1/2"]
[WhiteElo "2262"]
[BlackElo "2147"]
[PlyCount "52"]
[EventDate "2004.05.23"]

1. e4 e6 2. d4 d5 3. Nc3 Bb4 4. e5 c5 5. a3 Bxc3+ 6. bxc3 Qc7 7. Qg4 f6 8. Bb5+
Kf8 9. Nf3 Qa5 10. Rb1 Qxc3+ 11. Bd2 Qxc2 12. O-O a6 13. exf6 gxf6 14. Qf4 axb5
15. Qc7 Nc6 16. Rxb5 Nge7 17. Rxc5 Qg6 18. Bf4 Qe8 19. Bh6+ Kf7 20. Rc3 Qd7 21.
Qf4 Ng6 22. Qd2 Re8 23. h4 e5 24. h5 e4 25. hxg6+ hxg6 26. Nh2 Ra4 1/2-1/2

[Event "4NCL/Div2/BAR3 vs. KHE"]
[Site "West Bromwich ENG"]
[Date "2004.05.23"]
[Round "11.6"]
[White "Spivack, Simon"]
[Black "Manley, Jon P"]
[Result "1/2-1/2"]
[WhiteElo "2202"]
[BlackElo "2187"]
[PlyCount "43"]
[EventDate "2004.05.23"]

1. Nf3 Nf6 2. g3 g6 3. Bg2 Bg7 4. O-O O-O 5. c4 d6 6. d4 c6 7. Nc3 Qa5 8. e4 e5
9. Re1 Na6 10. h3 Be6 11. d5 cxd5 12. cxd5 Bd7 13. Rb1 Ne8 14. Bd2 Qd8 15. b4
f5 16. Qb3 Nac7 17. Rbd1 Nf6 18. exf5 gxf5 19. Nxe5 dxe5 20. d6+ Kh8 21. dxc7
Qxc7 22. Nd5 1/2-1/2

[Event "4NCL/Div2/BAR3 vs. KHE"]
[Site "West Bromwich ENG"]
[Date "2004.05.23"]
[Round "11.7"]
[White "Williamson, Paul L"]
[Black "Okike, David C"]
[Result "0-1"]
[WhiteElo "2134"]
[BlackElo "2172"]
[PlyCount "72"]
[EventDate "2004.05.23"]

1. d4 Nf6 2. c4 e6 3. Nc3 Bb4 4. Qc2 c5 5. dxc5 Nc6 6. e3 Bxc5 7. a3 b6 8. Nf3
Bb7 9. Bd3 h6 10. O-O a6 11. b4 Be7 12. Bb2 O-O 13. Rfd1 Rc8 14. Qe2 a5 15. b5
Nb8 16. e4 Qc7 17. Na4 d6 18. Bd4 Nbd7 19. Nd2 Nc5 20. Nxc5 dxc5 21. Bb2 Nd7
22. e5 Bg5 23. Re1 Bxd2 24. Qxd2 Rfd8 25. Qe3 Nf8 26. Rad1 Rd7 27. h4 Qd8 28.
Qg3 Qe7 29. Bc1 Kh8 30. Bb2 Rcd8 31. Re3 Ng6 32. Qh3 Qxh4 33. Qxh4 Nxh4 34. g4
Bf3 35. Rd2 Bxg4 36. Kf1 Bf5 {time} 0-1

[Event "4NCL/Div2/SWD1 vs. PYO"]
[Site "West Bromwich ENG"]
[Date "2004.05.23"]
[Round "11.1"]
[White "Cobb, James E"]
[Black "Haslinger, Stewart"]
[Result "1-0"]
[WhiteElo "2325"]
[BlackElo "2410"]
[PlyCount "79"]
[EventDate "2004.05.23"]

1. d4 d5 2. c4 c6 3. Nf3 Nf6 4. Nc3 a6 5. a4 e6 6. Bg5 a5 7. e3 Be7 8. Bd3 Na6
9. O-O Nb4 10. Bb1 h6 11. Bh4 b6 12. Ne5 Ba6 13. f4 Bxc4 14. f5 exf5 15. Rxf5
O-O 16. Qf3 Bb3 17. Ra3 Bc4 18. Rxf6 Bxf6 19. Qf5 Nd3 20. Bxf6 Qxf6 21. Qxf6
gxf6 22. Nxd3 Rfe8 23. Kf2 Re7 24. b3 Ba6 25. Nf4 Rd8 26. Ra2 Bc8 27. Bd3 Rde8
28. Nd1 Bg4 29. Be2 Bf5 30. Rd2 Kf8 31. h3 Be4 32. Nh5 Re6 33. Bd3 f5 34. Nc3
Rg6 35. Nf4 Rd6 36. Nce2 Ke7 37. Ng3 Kf6 38. Ngh5+ Ke7 39. Ng7 Rb8 40. Bxe4 1-0

[Event "4NCL/Div2/SWD1 vs. PYO"]
[Site "West Bromwich ENG"]
[Date "2004.05.23"]
[Round "11.2"]
[White "Rendle, Thomas E"]
[Black "Cooper, John G"]
[Result "0-1"]
[WhiteElo "2283"]
[BlackElo "2310"]
[PlyCount "108"]
[EventDate "2004.05.23"]

1. e4 c5 2. Nf3 e6 3. b3 Nc6 4. Bb2 d6 5. d4 cxd4 6. Nxd4 Bd7 7. Nb5 Qb8 8. Ba3
d5 9. exd5 Qe5+ 10. Be2 Bxa3 11. N1xa3 exd5 12. O-O Nf6 13. Bf3 O-O 14. Re1 Qf4
15. Qc1 Qb8 16. Qg5 a6 17. Nc3 h6 18. Qd2 Be6 19. Na4 Qc7 20. c3 Rad8 21. Nc2
Bg4 22. Qd1 Ne5 23. Rxe5 Bxf3 24. Qd4 Ng4 25. Rh5 Ne3 26. Nxe3 Bxh5 27. Nxd5
Qb8 28. c4 Rfe8 29. f4 b5 30. Nac3 bxc4 31. bxc4 Bg6 32. Rf1 Bf5 33. h3 Kh8 34.
Rf3 Be6 35. Rg3 f6 36. Rxg7 Kxg7 37. Qxf6+ Kh7 38. f5 Qa7+ 39. Kh2 Bxd5 40.
Qg6+ Kh8 41. Nxd5 Qg7 42. Qxa6 Re2 43. Nf4 Rxg2+ 44. Nxg2 Qe5+ 45. Kg1 Rd1+ 46.
Kf2 Qxf5+ 47. Kg3 Rd3+ 48. Kh2 Rxh3+ 49. Kg1 Qc5+ 50. Kf1 Rf3+ 51. Ke2 Qf2+ 52.
Kd1 Rd3+ 53. Kc1 Qd2+ 54. Kb1 Qb4+ 0-1

[Event "4NCL/Div2/SWD1 vs. PYO"]
[Site "West Bromwich ENG"]
[Date "2004.05.23"]
[Round "11.3"]
[White "Dineley, Richard D P"]
[Black "Broomfield, Matthew"]
[Result "1-0"]
[WhiteElo "2269"]
[BlackElo "2278"]
[PlyCount "101"]
[EventDate "2004.05.23"]

1. e4 e6 2. d4 d5 3. Nd2 Be7 4. Bd3 c5 5. dxc5 Nf6 6. Qe2 Nc6 7. Ngf3 Nb4 8.
Nb3 Nxd3+ 9. cxd3 a5 10. Bg5 a4 11. Nbd2 h6 12. Bxf6 Bxf6 13. e5 Be7 14. Rc1
Qa5 15. Qe3 b6 16. c6 Ba6 17. O-O Bc5 18. d4 Be7 19. Rfe1 Rc8 20. Rc2 Rc7 21.
Nf1 Bc4 22. b3 Bb5 23. Ng3 O-O 24. Nh5 Rfc8 25. h4 Rxc6 26. Rxc6 Rxc6 27. Qf4
axb3 28. axb3 Bd3 29. Re3 Bg6 30. Nf6+ gxf6 31. exf6 Bd6 32. Ne5 Bxe5 33. Qxe5
Qa1+ 34. Kh2 Qa3 35. h5 Qd6 36. hxg6 Qxe5+ 37. dxe5 fxg6 38. f4 Kf7 39. Rh3 h5
40. Rd3 Rc5 41. Rd4 g5 42. fxg5 Kg6 43. Rf4 Rc8 44. f7 Rf8 45. Rf6+ Kxg5 46.
Kg3 b5 47. b4 d4 48. Kf3 Kh4 49. Ke4 Kg3 50. Rg6+ Kf2 51. Rg7 1-0

[Event "4NCL/Div2/SWD1 vs. PYO"]
[Site "West Bromwich ENG"]
[Date "2004.05.23"]
[Round "11.4"]
[White "Player, Edmund C"]
[Black "James, David J"]
[Result "1/2-1/2"]
[WhiteElo "2151"]
[BlackElo "2258"]
[PlyCount "67"]
[EventDate "2004.05.23"]

1. e4 c5 2. Nc3 a6 3. g3 e5 4. Bg2 d6 5. d3 g6 6. f4 Ne7 7. Nf3 Bg7 8. fxe5
dxe5 9. Be3 b6 10. Qd2 h6 11. O-O Be6 12. b4 cxb4 13. Na4 Nbc6 14. Bxb6 Qc8 15.
Be3 Rb8 16. Nc5 Nd4 17. Nxe6 Qxe6 18. Rfb1 Nec6 19. a3 b3 20. Bxd4 exd4 21.
Rxb3 Rxb3 22. cxb3 Qxb3 23. Rc1 Nd8 24. Qb4 Qxb4 25. axb4 Kd7 26. Bh3+ Kd6 27.
Ra1 Nc6 28. Rxa6 Rb8 29. e5+ Kc7 30. b5 Nxe5 31. Nxd4 Rb6 32. Ra7+ Rb7 33.
Rxb7+ Kxb7 34. Nc6 1/2-1/2

[Event "4NCL/Div2/SWD1 vs. PYO"]
[Site "West Bromwich ENG"]
[Date "2004.05.23"]
[Round "11.5"]
[White "Zeidler, Sven P"]
[Black "Eckersley Waites, Tom"]
[Result "1/2-1/2"]
[WhiteElo "2233"]
[BlackElo "2139"]
[PlyCount "91"]
[EventDate "2004.05.23"]

1. e4 c5 2. Nc3 Nc6 3. f4 g6 4. Nf3 Bg7 5. Bb5 Nd4 6. O-O Nxb5 7. Nxb5 d5 8. e5
Bf5 9. d4 a6 10. Nc3 b6 11. dxc5 bxc5 12. Qxd5 Bxc2 13. Qc6+ Kf8 14. Qxc5 Nh6
15. Rf2 Bf5 16. Be3 Rc8 17. Rd2 Qxd2 18. Nxd2 Rxc5 19. Bxc5 f6 20. exf6 Bxf6
21. Re1 Kf7 22. Nf3 Rc8 23. Ne5+ Bxe5 24. Rxe5 e6 25. b4 Ng4 26. Re2 Nf6 27.
Rd2 Rc6 28. Ne2 Be4 29. Rd8 Bd5 30. Ra8 Rc7 31. Rf8+ Kg7 32. Rd8 Bxa2 33. Nd4
Ne4 34. Ra8 Bd5 35. Rxa6 Nxc5 36. bxc5 Rxc5 37. Nxe6+ Bxe6 38. Rxe6 Rc4 39. g3
Rc2 40. Re7+ Kg8 41. Re3 Kf7 42. Rf3 Ke6 43. Rf2 Rc3 44. Kg2 Kf5 45. Kh3 g5 46.
Kg2 1/2-1/2

[Event "4NCL/Div2/SWD1 vs. PYO"]
[Site "West Bromwich ENG"]
[Date "2004.05.23"]
[Round "11.6"]
[White "Bennet, William D"]
[Black "Trevelyan, John"]
[Result "0-1"]
[WhiteElo "2064"]
[BlackElo "2145"]
[PlyCount "114"]
[EventDate "2004.05.23"]

1. d4 d6 2. c4 e5 3. dxe5 dxe5 4. Qxd8+ Kxd8 5. Nf3 f6 6. Rg1 h5 7. Bd2 Be6 8.
e3 Na6 9. Nc3 c6 10. O-O-O Kc7 11. Nh4 Ne7 12. f4 exf4 13. exf4 Nf5 14. Nxf5
Bxf5 15. Be3 Bg4 16. Rd2 Re8 17. Bf2 Bc5 18. h3 Bc8 19. Bd3 Bxf2 20. Rxf2 h4
21. Bg6 Re3 22. Re2 Rxe2 23. Nxe2 Rd8 24. Rd1 Rxd1+ 25. Kxd1 Be6 26. b3 c5 27.
f5 Bd7 28. g4 Kd6 29. Kd2 Ke5 30. Ke3 Nb4 31. Nc3 Bc6 32. Bh5 Bg2 33. Kf2 Bxh3
34. Ne2 Ke4 35. Ng1 Nd3+ 36. Ke2 Bg2 37. Bf7 Nf4+ 38. Kf2 h3 39. Kg3 Ke3 40.
Kh2 Bf3 41. Nxf3 Kxf3 42. Bd5+ Kxg4 43. Bxb7 Kxf5 44. Ba6 Ke5 45. a3 g5 46. b4
cxb4 47. axb4 Nd3 48. b5 g4 49. Bc8 f5 50. Bd7 Kf4 51. Bc6 Kg5 52. Bd5 Kh4 53.
Bc6 g3+ 54. Kg1 Ne5 55. c5 g2 56. Bxg2 hxg2 57. Kxg2 Kg4 0-1

[Event "4NCL/Div2/SWD1 vs. PYO"]
[Site "West Bromwich ENG"]
[Date "2004.05.23"]
[Round "11.7"]
[White "Saunders, John C"]
[Black "Eckersley Waites, Adam"]
[Result "1/2-1/2"]
[WhiteElo "2195"]
[BlackElo "1975"]
[PlyCount "105"]
[EventDate "2004.05.23"]

1. e4 c5 2. c3 d5 3. exd5 Qxd5 4. d4 Nc6 5. Nf3 cxd4 6. cxd4 e5 7. Nc3 Bb4 8.
Bd2 Bxc3 9. Bxc3 e4 10. Ne5 Nxe5 11. dxe5 Ne7 12. Be2 O-O 13. O-O Bf5 14. Qa4
Qc6 15. Qxc6 Nxc6 16. f4 exf3 17. Bxf3 Be6 18. b3 Rac8 19. Rad1 Rfd8 20. Kf2
Kf8 21. Ke3 Ke7 22. Be4 Rd7 23. h3 h6 24. Rxd7+ Kxd7 25. Rd1+ Ke7 26. Bb2 Rd8
27. Ba3+ Ke8 28. Bxc6+ bxc6 29. Rxd8+ Kxd8 30. Bf8 g6 31. Bxh6 Bf5 32. Kd4 Bb1
33. a3 Bc2 34. b4 Bb3 35. Bf8 Bd5 36. g3 Bg2 37. h4 Bf3 38. Ke3 Bd1 39. Bc5 a6
40. Kf4 Kd7 41. Kg5 Ke6 42. Bd4 Be2 43. Bb2 Bd1 44. Bc3 Be2 45. Kf4 Kd5 46. Ke3
Bg4 47. Kf4 Be2 48. Kg5 Ke6 49. g4 Bd1 50. h5 gxh5 51. gxh5 Be2 52. h6 Bd3 53.
Kf4 1/2-1/2

[Event "4NCL/Div2/SWD1 vs. PYO"]
[Site "West Bromwich ENG"]
[Date "2004.05.23"]
[Round "11.8"]
[White "Thilaganathan, Jessica"]
[Black "Cast, Abigail"]
[Result "0-1"]
[WhiteElo "1168"]
[BlackElo "2094"]
[PlyCount "112"]
[EventDate "2004.05.23"]

1. d4 d5 2. Nf3 Nf6 3. e3 Bg4 4. c4 c6 5. cxd5 cxd5 6. Qa4+ Bd7 7. Bb5 e6 8.
Ne5 Bd6 9. Nc3 O-O 10. Bd2 a6 11. Rc1 Qe8 12. Nxd7 Nbxd7 13. Bxd7 Qxd7 14. Qxd7
Nxd7 15. e4 Nb6 16. e5 Bb4 17. a3 Be7 18. Rc2 Rac8 19. O-O Rc6 20. Rfc1 Rfc8
21. Kf1 Nc4 22. Rb1 h6 23. Ke2 b5 24. Nd1 Nxe5 25. Rxc6 Nxc6 26. Be3 Bf6 27.
Kd3 Kf8 28. f4 Be7 29. b4 Ke8 30. Nf2 Bd6 31. Ng4 Ne7 32. Ne5 Nf5 33. Bd2 Nh4
34. g3 Bxe5 35. dxe5 Nf3 36. h3 Nxd2 37. Kxd2 Rc4 38. Kd3 f6 39. Re1 Kf7 40.
exf6 gxf6 41. Rf1 Kg6 42. Re1 Kf7 43. Rf1 Ke7 44. Re1 Kd6 45. Rf1 d4 46. Rf3
Rc3+ 47. Ke2 Rxf3 48. Kxf3 Kd5 49. Ke2 Ke4 50. h4 f5 51. h5 d3+ 52. Kd2 Kd4 53.
Kd1 Ke3 54. Ke1 Kf3 55. Kd2 Kxg3 56. Kxd3 Kxf4 0-1

[Event "4NCL/Div2/GUI2 vs. PPA1"]
[Site "West Bromwich ENG"]
[Date "2004.05.23"]
[Round "11.1"]
[White "Kosten, Anthony C"]
[Black "Swanson, Stephen"]
[Result "1-0"]
[WhiteElo "2507"]
[BlackElo "2283"]
[PlyCount "59"]
[EventDate "2004.05.23"]

1. c4 e5 2. Nc3 Bb4 3. g3 Bxc3 4. bxc3 d6 5. Bg2 Ne7 6. d3 O-O 7. Nf3 Nbc6 8.
O-O h6 9. e4 Qe8 10. Rb1 b6 11. Nh4 g5 12. Nf3 f5 13. exf5 Bxf5 14. Ne1 Rf6 15.
Rb2 Qg6 16. Rd2 Raf8 17. Nc2 Bd7 18. Ne3 Nd8 19. d4 Nf7 20. Ng4 Bxg4 21. Qxg4
Nf5 22. c5 h5 23. Qe4 bxc5 24. dxc5 g4 25. Rb2 dxc5 26. Rb7 c6 27. Rxa7 h4 28.
Ra4 N7h6 29. Qxe5 Qh5 30. Ra8 1-0

[Event "4NCL/Div2/GUI2 vs. PPA1"]
[Site "West Bromwich ENG"]
[Date "2004.05.23"]
[Round "11.2"]
[White "Harley, Andrew"]
[Black "Flear, Glenn C"]
[Result "0-1"]
[WhiteElo "2238"]
[BlackElo "2489"]
[PlyCount "112"]
[EventDate "2004.05.23"]

1. e4 e5 2. Nf3 Nc6 3. Bb5 a6 4. Ba4 Nf6 5. O-O Be7 6. Re1 b5 7. Bb3 d6 8. c3
O-O 9. h3 a5 10. a4 b4 11. d4 bxc3 12. Nxc3 exd4 13. Nxd4 Nxd4 14. Qxd4 Rb8 15.
Bc4 c6 16. e5 d5 17. exf6 Bxf6 18. Qc5 dxc4 19. Bf4 Rb7 20. Qxc6 Rd7 21. Qxc4
Bb7 22. Rad1 Rxd1 23. Rxd1 Qa8 24. f3 Rc8 25. Qd3 h6 26. Rd2 Qa7+ 27. Be3 Qb8
28. Qd6 Bc6 29. Qxb8 Rxb8 30. Nd5 Bd8 31. Bf4 Rb7 32. Nc3 Bb6+ 33. Kh2 f6 34.
Bg3 Kf7 35. Rd6 Be8 36. Nb5 Bxb5 37. axb5 Bc5 38. Ra6 Rxb5 39. Bc7 Bb4 40. Ra7
Ke6 41. g4 Bd2 42. Ra6+ Kf7 43. Rb6 Rxb6 44. Bxb6 a4 45. Kg3 Bc1 46. Bd4 Ke6
47. Bc3 Kd5 48. Kh4 Kc4 49. Kh5 Kb3 50. Kg6 Bxb2 51. Bxb2 Kxb2 52. Kxg7 a3 53.
Kxh6 a2 54. g5 fxg5 55. Kxg5 a1=Q 56. h4 Qg1+ 0-1

[Event "4NCL/Div2/GUI2 vs. PPA1"]
[Site "West Bromwich ENG"]
[Date "2004.05.23"]
[Round "11.3"]
[White "Gormally, Daniel W"]
[Black "Munson, Shaun D"]
[Result "1/2-1/2"]
[WhiteElo "2471"]
[BlackElo "2294"]
[PlyCount "74"]
[EventDate "2004.05.23"]

1. d4 d5 2. c4 c6 3. Nf3 Nf6 4. Nc3 dxc4 5. a4 Na6 6. e4 Bg4 7. Bxc4 Bxf3 8.
gxf3 e6 9. Rg1 Nb4 10. Be3 Qa5 11. Rg5 Qc7 12. f4 h6 13. Rg2 g6 14. Kf1 O-O-O
15. a5 Kb8 16. Qb3 c5 17. dxc5 Bxc5 18. a6 b6 19. Ra4 Bxe3 20. fxe3 Nc6 21. Bb5
Na5 22. Rxa5 bxa5 23. Rc2 Qd6 24. Ne2 Qb4 25. Qxb4 axb4 26. Nd4 Rxd4 27. exd4
Nxe4 28. Bc6 Nd6 29. d5 exd5 30. Bxd5 Rc8 31. Rd2 Kc7 32. Bb3 Rd8 33. Kg2 Rb8
34. Rc2+ Kb6 35. Rd2 Kc7 36. Rc2+ Kb6 37. Rd2 Kc7 1/2-1/2

[Event "4NCL/Div2/GUI2 vs. PPA1"]
[Site "West Bromwich ENG"]
[Date "2004.05.23"]
[Round "11.4"]
[White "Posazhennikov, Alex"]
[Black "Jackson, Adrian"]
[Result "1-0"]
[WhiteElo "2253"]
[BlackElo "2217"]
[PlyCount "103"]
[EventDate "2004.05.23"]

1. d4 Nf6 2. c4 e6 3. g3 c5 4. d5 exd5 5. cxd5 d6 6. Bg2 g6 7. Nc3 Bg7 8. Nf3
O-O 9. O-O a6 10. a4 Re8 11. Nd2 Nbd7 12. Nc4 Ne5 13. Nxe5 Rxe5 14. h3 Rb8 15.
Bf4 Re8 16. Qd3 Nh5 17. Bd2 f5 18. Rfe1 Nf6 19. Qc4 Bd7 20. a5 Bc8 21. b4 Nd7
22. bxc5 Nxc5 23. Bf4 b5 24. axb6 Rxb6 25. Rab1 Be5 26. Be3 Rxb1 27. Rxb1 Nd7
28. Bd4 Qf6 29. Bxe5 Nxe5 30. Qc7 Qe7 31. Qxe7 Rxe7 32. f4 Nf7 33. Rb8 Rc7 34.
Na4 Kg7 35. Nb6 Bb7 36. Kf2 Kf6 37. Bf3 h6 38. Ke3 a5 39. Kd4 g5 40. e3 Re7 41.
Nc4 a4 42. Na5 Ba6 43. Nc6 Rc7 44. Ra8 Bf1 45. h4 Rb7 46. Bh5 Bb5 47. Rg8 Bxc6
48. dxc6 Ra7 49. Rg6+ Ke7 50. Rg7 Ke6 51. Rxf7 Ra8 52. Rb7 1-0

[Event "4NCL/Div2/GUI2 vs. PPA1"]
[Site "West Bromwich ENG"]
[Date "2004.05.23"]
[Round "11.5"]
[White "Granat, Russell G"]
[Black "Byway, Paul"]
[Result "1/2-1/2"]
[WhiteElo "2252"]
[BlackElo "2213"]
[PlyCount "50"]
[EventDate "2004.05.23"]

1. e4 c5 2. Nf3 e6 3. d4 cxd4 4. Nxd4 Nf6 5. Nc3 Nc6 6. Be2 Bb4 7. O-O Bxc3 8.
bxc3 Nxe4 9. Bf3 d5 10. Bxe4 dxe4 11. Ba3 Nxd4 12. cxd4 Qa5 13. Qc1 Bd7 14. Rb1
Bc6 15. Bb4 Qc7 16. Qa3 f6 17. c4 Kf7 18. d5 exd5 19. cxd5 Bxd5 20. Rbc1 Qd7
21. Rfd1 Rhc8 22. Rxc8 Rxc8 23. Qxa7 Rc4 24. Qa5 Qc6 25. h3 Rc1 1/2-1/2

[Event "4NCL/Div2/GUI2 vs. PPA1"]
[Site "West Bromwich ENG"]
[Date "2004.05.23"]
[Round "11.6"]
[White "Moore, Gerald"]
[Black "Thompson, Ian D"]
[Result "1/2-1/2"]
[WhiteElo "2225"]
[BlackElo "2259"]
[PlyCount "169"]
[EventDate "2004.05.23"]

1. Nf3 Nf6 2. c4 e6 3. g3 b6 4. Bg2 Bb7 5. O-O c5 6. Nc3 d6 7. Re1 a6 8. e4 Qc7
9. d4 cxd4 10. Nxd4 Be7 11. Be3 Nbd7 12. f4 O-O 13. Rc1 h5 14. h3 Rfe8 15. Bf2
Bf8 16. Nf3 Rad8 17. Qe2 Nc5 18. Ng5 g6 19. b4 Ncd7 20. a3 Rc8 21. e5 Bxg2 22.
Kxg2 dxe5 23. fxe5 Bh6 24. Qe3 Nxe5 25. Qxe5 Qxe5 26. Rxe5 Nd7 27. Ree1 Bxg5
28. Rcd1 Nf6 29. Bd4 h4 30. c5 bxc5 31. bxc5 hxg3 32. Kxg3 Nh5+ 33. Kg4 Be7 34.
Na4 Nf6+ 35. Bxf6 Bxf6 36. Rd6 Be7 37. Rxa6 Bxc5 38. Nxc5 Rxc5 39. Ra7 Rd8 40.
Rf1 Rd4+ 41. Kg3 Rg5+ 42. Kh2 Rd2+ 43. Kh1 Rf5 44. Rxf5 gxf5 45. a4 Kg7 46. a5
Ra2 47. a6 e5 48. Kg1 Kf6 49. h4 Ra4 50. h5 Rg4+ 51. Kf2 Rh4 52. Rb7 Rxh5 53.
Rb6+ Kg5 54. Rb5 Rh2+ 55. Kg3 Ra2 56. Rxe5 Rxa6 57. Rb5 Ra3+ 58. Kf2 Kg4 59.
Rb4+ f4 60. Rb2 f5 61. Rc2 Rh3 62. Rc8 Rh2+ 63. Kg1 Re2 64. Kf1 Kf3 65. Rc3+
Re3 66. Rc2 Ra3 67. Rf2+ Kg3 68. Rg2+ Kh3 69. Rg5 Kh4 70. Rg8 Ra2 71. Rg7 Kh5
72. Rg8 Kh4 73. Rg7 f3 74. Rg8 Rg2 75. Rh8+ Kg3 76. Rg8+ Kf4 77. Ra8 Rd2 78.
Ke1 Rd4 79. Kf2 Re4 80. Ra7 Re2+ 81. Kf1 Rb2 82. Ra8 Re2 83. Ra7 Ke4 84. Ra4+
Ke5 85. Ra8 {
Draw awarded by arbiter upon fall of White's flag several moves later} 1/2-1/2

[Event "4NCL/Div2/GUI2 vs. PPA1"]
[Site "West Bromwich ENG"]
[Date "2004.05.23"]
[Round "11.7"]
[White "Anderton, Matthew N"]
[Black "Winfridsson, Håkan"]
[Result "1-0"]
[WhiteElo "2242"]
[BlackElo "2175"]
[PlyCount "77"]
[EventDate "2004.05.23"]

1. e4 e5 2. Nf3 Nc6 3. Bb5 a6 4. Ba4 Nf6 5. O-O b5 6. Bb3 Bb7 7. Re1 Bc5 8. c3
Ng4 9. d4 exd4 10. h3 Nxf2 11. Kxf2 dxc3+ 12. Kg3 cxb2 13. Bxb2 Qe7 14. Nc3
Bd6+ 15. e5 Nxe5 16. Nxb5 Bxf3 17. Nxd6+ cxd6 18. Qxf3 Nxf3 19. Kxf3 f6 20. Ba3
Kd8 21. Rxe7 Kxe7 22. Rd1 Rac8 23. Rxd6 Kd8 24. Rxa6 Rc3+ 25. Kf2 Kc7 26. Ra7+
Kc6 27. Bb4 Rc1 28. Ba4+ Kb6 29. Rxd7 Rc4 30. a3 Rf4+ 31. Kg3 g5 32. Rd6+ Kc7
33. Rd3 Kb6 34. Rd6+ Kc7 35. Re6 h5 36. Bd6+ Kb7 37. Bxf4 gxf4+ 38. Kxf4 Ra8
39. Bc6+ 1-0

[Event "4NCL/Div2/GUI2 vs. PPA1"]
[Site "West Bromwich ENG"]
[Date "2004.05.23"]
[Round "11.8"]
[White "Aarons, Poppy J"]
[Black "Lang, Heather"]
[Result "0-1"]
[WhiteElo "1872"]
[BlackElo "2070"]
[PlyCount "30"]
[EventDate "2004.05.23"]

1. e4 e5 2. f4 Bc5 3. Nf3 d6 4. Bc4 Nf6 5. Nc3 c6 6. fxe5 dxe5 7. h3 b5 8. Bd3
O-O 9. a3 Nh5 10. Ne2 f5 11. b4 fxe4 12. Bxe4 Rxf3 13. h4 Bf2+ 14. Kf1 Rf8 15.
Bf3 Ng3+ 0-1

[Event "4NCL/Div2/WRO vs. 3CS2"]
[Site "West Bromwich ENG"]
[Date "2004.05.23"]
[Round "11.1"]
[White "Gourlay, Iain"]
[Black "Shaw, David A"]
[Result "0-1"]
[WhiteElo "2275"]
[BlackElo "2165"]
[PlyCount "80"]
[EventDate "2004.05.23"]

1. Nf3 d5 2. g3 Nf6 3. Bg2 Bf5 4. c4 c6 5. b3 e6 6. Bb2 Be7 7. O-O Nbd7 8. d3
h6 9. Nbd2 O-O 10. a3 a5 11. Ra2 Re8 12. Qa1 Bf8 13. Ne5 Nxe5 14. Bxe5 Nd7 15.
Bc3 Bh7 16. b4 axb4 17. axb4 Nb6 18. c5 Nd7 19. Qb2 Rxa2 20. Qxa2 b6 21. d4 e5
22. Nb3 exd4 23. Nxd4 Qc7 24. Nxc6 Qxc6 25. Bxd5 Qg6 26. Qa4 Rd8 27. c6 Nf6 28.
Bc4 Ne4 29. Be5 Rc8 30. c7 Qf5 31. Ba6 Qxe5 32. Bxc8 Qxc7 33. Bg4 Qc4 34. Rb1
Nc5 35. Qc6 Bxb1 36. bxc5 Qxg4 37. cxb6 Be4 38. Qc4 Qe6 39. Qc7 Qc6 40. Qd8
Qc1+ 0-1

[Event "4NCL/Div2/WRO vs. 3CS2"]
[Site "West Bromwich ENG"]
[Date "2004.05.23"]
[Round "11.2"]
[White "James, Dale R"]
[Black "Potts, Alan"]
[Result "1/2-1/2"]
[WhiteElo "2200"]
[BlackElo "2280"]
[PlyCount "50"]
[EventDate "2004.05.23"]

1. e4 e6 2. d4 d5 3. Nc3 Nf6 4. Bg5 Bb4 5. e5 h6 6. Bd2 Bxc3 7. Bxc3 Ne4 8. Bb4
c5 9. dxc5 O-O 10. Nf3 Nc6 11. c3 b6 12. Ba3 bxc5 13. Qa4 Bd7 14. Bb5 Qc7 15.
O-O Rab8 16. Bxc6 Bxc6 17. Qc2 f6 18. exf6 Rxf6 19. Nd2 Qf4 20. Nxe4 dxe4 21.
Bxc5 Qh4 22. Be7 Kf7 23. Bxf6 gxf6 24. Rad1 Rg8 25. Rd6 Rxg2+ 1/2-1/2

[Event "4NCL/Div2/WRO vs. 3CS2"]
[Site "West Bromwich ENG"]
[Date "2004.05.23"]
[Round "11.3"]
[White "Gayson, Peter M"]
[Black "Adams, Phil"]
[Result "1-0"]
[WhiteElo "2239"]
[BlackElo "2077"]
[PlyCount "71"]
[EventDate "2004.05.23"]

1. e4 c5 2. Nf3 Nc6 3. d4 cxd4 4. Nxd4 e5 5. Nb5 d6 6. c4 Be7 7. N1c3 a6 8. Na3
f5 9. exf5 Bxf5 10. Bd3 Be6 11. O-O Nf6 12. Nc2 O-O 13. Nd5 Rc8 14. Be3 Kh8 15.
Nxf6 Bxf6 16. Qh5 Bg8 17. Bf5 Rb8 18. Rad1 Ne7 19. Be4 g6 20. Qe2 Qc7 21. b3 b5
22. Nb4 Qa5 23. Nd5 Bxd5 24. Bxd5 bxc4 25. bxc4 Qa3 26. Rd3 Qa4 27. h3 Rb4 28.
Be6 Nf5 29. Bxf5 gxf5 30. Rxd6 Rxc4 31. Bh6 Re4 32. Qh5 Bg7 33. Bxg7+ Kxg7 34.
Rh6 Rf6 35. Rxh7+ Kf8 36. Qg5 1-0